| 000 | 00943nam a2200217Ii 4500 | ||
|---|---|---|---|
| 003 | JO-AjNU | ||
| 008 | 230605s9999||||xx |||||||||||||| ||und|| | ||
| 017 | _a2009/9/3880 | ||
| 040 |
_aJO-AjNU _bara _erda _cJO-AjNU |
||
| 041 | _aara | ||
| 050 | 1 | 4 | _aDS154.9 I7 A2894 2009 |
| 100 | 3 |
_aأبو الشعر، هند غسان, _eauthor _956587 |
|
| 245 | 0 | 0 | _aاربد وجوارها: ( ناحية بني عبيد) 1850 - 1928م |
| 264 | 3 | 1 | _aعمان: وزارة الثقافة، 2009 |
| 300 |
_a703ص _bيشتمل على ببيلوغرافية من ص 565 -566، يشتمل على ملاحق وجداول من ص 601 - 703 |
||
| 336 |
_atext _btxt _2rdacontent |
||
| 337 |
_aunmediated _bn _2rdamedia |
||
| 338 |
_avolume _bnc _2rdacarrier |
||
| 490 | 0 | _aمكتبة الاسرة الاردنية / مهرجان القراءة للجميع | |
| 650 | 4 |
_aاربد - الاردن - تاريخ - اربد - الاردن - وصف رحلات _956588 |
|
| 999 |
_aA25306 _c28874 _d28874 |
||